Sanctuary: Britain's artists and their studios/ (Record no. 6090)
[ view plain ]
| 000 -LEADER | |
|---|---|
| fixed length control field | 01648nam a2200193Ia 4500 |
| 001 - CONTROL NUMBER | |
| control field | 6090 |
| 008 - FIXED-LENGTH DATA ELEMENTS--GENERAL INFORMATION | |
| fixed length control field | 251106s9999 xx 000 0 und d |
| 020 ## - INTERNATIONAL STANDARD BOOK NUMBER | |
| International Standard Book Number | 9780954508395 |
| 245 #0 - TITLE STATEMENT | |
| Title | Sanctuary: Britain's artists and their studios/ |
| Statement of responsibility, etc. | Editor: Hossein Amirsadeghi |
| 260 ## - PUBLICATION, DISTRIBUTION, ETC. | |
| Place of publication, distribution, etc. | London; |
| Name of publisher, distributor, etc. | Thames & Hudson; |
| Date of publication, distribution, etc. | 2012 |
| 300 ## - PHYSICAL DESCRIPTION | |
| Extent | 600p; |
| Dimensions | 33x26cm |
| 520 ## - SUMMARY, ETC. | |
| Summary, etc. | Editor: Hossein Amirsadeghi. Texts: Iwona Blazwick; Richard Cork; Tom Morton. Artists include: Jannane Al-Ani; Shezad Dawood; Shirazeh Houshiary; Anish Kapoor; Idris Khan; Mona Hatoum. From Botticelli to Bacon, artists have always invested their personalities in their working environments, but these private spaces, often containing the visible remains of artistic ingenuity, toil and torment, are usually kept behind firmly closed doors. Sanctuary gives a rare and privileged insight to the studios and inspirations of nearly 120 of Britains greatest living artists working today, both in Britain and abroad. Sanctuarys stellar cast of artists encompasses many different ways of thinking about and making art. This lavish, large-format book brims with specially commissioned photographs portraits, images at work, places of inspiration and incisive the artists open their minds as much as their studio doors. Sanctuary is full of insights, revelations and thoughts on the modern art world and contemporary art practice, giving a vivid sense of what it means to be an artist at work today. |
| 546 ## - LANGUAGE NOTE | |
| Language note | English, German |
| 650 ## - SUBJECT ADDED ENTRY--TOPICAL TERM | |
| Topical term or geographic name entry element | Artist Studio |
| 9 (RLIN) | 8684 |
| 650 ## - SUBJECT ADDED ENTRY--TOPICAL TERM | |
| Topical term or geographic name entry element | N8350-8356 Art as a profession. Artists |
| 651 ## - SUBJECT ADDED ENTRY--GEOGRAPHIC NAME | |
| Geographic name | Britain |
| 700 ## - ADDED ENTRY--PERSONAL NAME | |
| Personal name | Amirsadeghi, Hossein |
| 9 (RLIN) | 7695 |
| 942 ## - ADDED ENTRY ELEMENTS (KOHA) | |
| Koha item type | Book |
| Withdrawn status | Lost status | Damaged status | Not for loan | Collection | Home library | Current library | Date acquired | Total Checkouts | Full call number | Barcode | Date last seen | Price effective from | Koha item type |
|---|---|---|---|---|---|---|---|---|---|---|---|---|---|
| Visual Arts | Flying Saucer Library | Flying Saucer Library | 11/06/2025 | N8350-8356 181.64 | 11/06/2025 | 11/06/2025 | Book | ||||||
| Visual Arts | SAF Reference Library | SAF Reference Library | 11/06/2025 | N8350-8356 181.64 | 6090 | 11/06/2025 | 11/06/2025 | Book |